| 000 | 01026cam a22002411 4500 | ||
|---|---|---|---|
| 001 | e 40000743 | ||
| 003 | DLC | ||
| 005 | 20260227111229.0 | ||
| 008 | 771122s1940 dcu 001 0 eng | ||
| 010 | _ae 40000743 | ||
| 035 | _a(OCoLC)3437696 | ||
| 040 |
_aDLC _cMsHaU _dOCoLC _dDLC |
||
| 042 | _apremarc | ||
| 050 | 0 | 0 |
_aLB1741 _b.A65 |
| 082 | _a370.7 | ||
| 110 | 2 |
_aAmerican Council on Education. _bCommission on Teacher Education. |
|
| 245 | 1 | 0 |
_aCultural and social elements in the education of teachers. _cCommission on teacher education, American council on education; Educational policies commission, National education association of the United States, American association of school administrators. |
| 260 |
_aWashington, D.C. _c[1940] |
||
| 300 |
_a51 p. _c23 cm. |
||
| 505 | 0 | _aForeword.--General education and teacher education, by K. W. Bigelow.--The social responsibilities of teachers, by Lewis Mumford. | |
| 650 | 0 |
_aTeachers _xTraining of _zUnited States. |
|
| 710 | 2 | _aEducational Policies Commission. | |
| 999 |
_c21749 _d21749 |
||